| 000 | 01268cam a2200361 i 4500 | ||
|---|---|---|---|
| 001 | 18282676 | ||
| 005 | 20250508154350.0 | ||
| 008 | 140828s2014 pk b 000 0 eng | ||
| 010 | _a 2014363133 | ||
| 020 | _a9789698486150 | ||
| 025 | _aP-E-2014363133; 05 | ||
| 037 |
_bLibrary of Congress -- Islamabad Overseas Office _cRs 2500 |
||
| 040 |
_aDLC _beng _cDLC _erda _dDLC |
||
| 042 |
_alcode _apcc |
||
| 050 | 0 | 0 |
_aBP170.85 _b.F357 2014 |
| 082 |
_a291 _bFAI |
||
| 245 | 0 | 0 |
_aFaith movement in a global perspective / _cedited and annoted by M. Ikram Chughtai. |
| 250 | _aFirst edition. | ||
| 264 | 1 |
_aLahore : _bAllied Book Company, _c2014. |
|
| 300 |
_a461 pages ; _c25 cm |
||
| 336 |
_atext _2rdacontent |
||
| 337 |
_aunmediated _2rdamedia |
||
| 338 |
_avolume _2rdacarrier |
||
| 504 | _aIncludes bibliographical references. | ||
| 610 | 2 | 0 |
_aTablighi Jamaaʻt _xHistory. _9128886 |
| 650 | 0 |
_aIslam _xMissions. _9128887 |
|
| 650 | 0 |
_aDaʻwah (Islam) _9128888 |
|
| 700 | 1 |
_aCug̲h̲tāʼī, Muḥammad Ikrām, _eeditor. _91316 |
|
| 856 | 4 | 1 |
_3Table of contents only _uhttp://www.loc.gov/catdir/toc/fy15pdf02/2014363133.html |
| 906 |
_a7 _bcbc _corigode _d3 _encip _f20 _gy-gencatlg |
||
| 942 |
_2ddc _cBK |
||
| 999 |
_c613689 _d613689 |
||